| 000 | 00434nam a2200145Ia 4500 | ||
|---|---|---|---|
| 008 | 220216s9999 xx 000 0 und d | ||
| 100 |
_aFigdore S S _cet al |
||
| 245 | 0 | _aAssociation of RFLP markers with trait loci affecting clubroot resistance and morphological characters in Brassica oleracea L. | |
| 260 |
_bEuphytica _c1993 |
||
| 300 | _a33-44 | ||
| 500 | _aSource Year: 1994 | ||
| 650 | _aRFLP | ||
| 856 | _uPBA | ||
| 942 | _cJS | ||
| 999 |
_c54572 _d54572 |
||